Diseño de la Conexión del Pozo MT-41 al Sistema Principal de Recolección de Vapor y Rediseño del Sistema de Reinyección del Campo Geotérmico Momotombo.
Diseñar la conexión del pozo MT-41 al sistema principal de la recolección de vapor de la planta, utilizar la teoría de fluidos bifásicos en el dimensionamiento de la tubería de conexión , proponer y aplicar una metodología de cálculo para el diseño de sistemas tuberías sometidas a altas t...
| Main Authors: | , |
|---|---|
| Other Authors: | |
| Format: | Tesis Section = Libro |
| Language: | Undetermined Spanish |
| Published: |
Managua
UNI
1997
|
| Subjects: |
| LEADER | 01534nam a2200229Ia 4500 | ||
|---|---|---|---|
| 008 | 240830s9999 xx 000 0 und d | ||
| 040 | |a BIBLIOTECA-RUPAP MON 620.1 A167 | ||
| 041 | |a spa | ||
| 082 | |a MON 620.1 A167 | ||
| 100 | 1 | |a Aburto, Jean Karl | |
| 100 | 1 | |b Izaguirre Pereira, Bernardo Antonio | |
| 245 | 1 | 0 | |a Diseño de la Conexión del Pozo MT-41 al Sistema Principal de Recolección de Vapor y Rediseño del Sistema de Reinyección del Campo Geotérmico Momotombo. |
| 260 | |a Managua |b UNI |c 1997 | ||
| 300 | |a 192 p. :il. | ||
| 502 | |a Tesis (Ingeniero Mecánico)- UNI, 1997. | ||
| 520 | 3 | |a Diseñar la conexión del pozo MT-41 al sistema principal de la recolección de vapor de la planta, utilizar la teoría de fluidos bifásicos en el dimensionamiento de la tubería de conexión , proponer y aplicar una metodología de cálculo para el diseño de sistemas tuberías sometidas a altas temperaturas, elaborar el levantamiento del sistema actual de reinyección del campo, estudiar distintas alternativas para determinar una red de tubería que garantice la reinyección del 100% de las aguas residuales, rediseñar el sistema de reinyección, normalizar la tubería del sistema, seleccionar las bombas hidráulicas y motores eléctricos, y determinar la cantidad de accesorios necesarios del nuevo sistema. | |
| 650 | 7 | |a INGENIERIA MECANICA | |
| 650 | 7 | |b MECANICA APLICADA-FLUIDOS MOMOTOMBO | |
| 700 | 1 | |a Tutor: |b Jirón Cucalón, Darío José | |
| 942 | |c BK |2 ddc | ||
| 991 | |a TESIS | ||
| 999 | |c 15686 | ||